[Event "Winnipeg TNT Febr op"]
[Site "Winnipeg CAN"]
[Date "2004.02.10"]
[Round "2"]
[White "Anderson, George"]
[Black "Reimer, Bruce"]
[Result "0-1"]
[WhiteElo "1529"]
[BlackElo "1334"]
[PlyCount "77"]
[GameId "2160767911192086"]
[EventDate "2004.02.03"]
[EventType "swiss"]
[EventRounds "4"]
[EventCountry "CAN"]

1. d4 d5 2. Nd2 e6 3. b3 c6 4. a4 Bb4 5. Ba3 Bc3 6. Ngf3 Bxa1 7. Qxa1 Ne7 8. e4 O-O 9. e5 f6 10. Bd3 fxe5 11. dxe5 b6 12. Qd1 h6 13. Nh4 c5 14. Bc1 Qe8 15. Qg4 Qf7 16. Ndf3 Kh8 17. O-O Rg8 18. Ng6+ Nxg6 19. Bxg6 Qe7 20. Nh4 Nc6 21. f4 Bd7 22. Bd3 Be8 23. Bg6 Nd4 24. f5 Nxf5 25. Bxf5 exf5 26. Rxf5 Bf7 27. Bf4 g5 28. Rxf7 Qxf7 29. Bg3 gxh4 30. Qxh4 Qg6 31. Qh3 Qg7 32. Bf4 Kh7 33. g3 Raf8 34. Qh4 Rxf4 35. Qxf4 Rf8 36. Qe3 Re8 37. Qd3+ Kh8 38. Qxd5 Qxe5 39. Qc4 0-1

[Event "Winnipeg TNT Febr op"]
[Site "Winnipeg CAN"]
[Date "2004.02.10"]
[Round "2"]
[White "Babb, Jeff"]
[Black "Silva, T Romero"]
[Result "1-0"]
[WhiteElo "2145"]
[BlackElo "1603"]
[PlyCount "85"]
[GameId "2160767911192087"]
[EventDate "2004.02.03"]
[EventType "swiss"]
[EventRounds "4"]
[EventCountry "CAN"]
[SourceTitle "EXT 2006"]
[Source "ChessBase"]
[SourceDate "2005.11.24"]
[SourceVersion "1"]
[SourceVersionDate "2005.11.24"]
[SourceQuality "1"]

1. e4 e5 2. Nc3 d6 3. Bc4 c6 4. Bb3 a5 5. d3 Na6 6. Be3 Be7 7. Qh5 g6 8. Qf3 Nf6 9. h3 b5 10. a4 b4 11. Nb1 Bb7 12. Ne2 Rb8 13. Qg3 Qc7 14. O-O Nh5 15. Qh2 O-O 16. g4 Ng7 17. f4 exf4 18. Nxf4 Rbd8 19. Qf2 d5 20. Bb6 Qxb6 21. Qxb6 Bc5+ 22. Qxc5 Nxc5 23. Nd2 Nge6 24. exd5 cxd5 25. Nxe6 fxe6 26. d4 Na6 27. Nf3 Rf4 28. Ng5 Rdf8 29. Nxe6 Rxf1+ 30. Rxf1 Re8 31. Rf6 Rc8 32. Nf4 Nc7 33. Rb6 Ba8 34. Ne6 Nxe6 35. Rxe6 Bb7 36. Rb6 Rc7 37. Rxb7 Rc8 38. Bxd5+ Kh8 39. g5 h6 40. gxh6 b3 41. c4 g5 42. Ra7 g4 43. Ra8 1-0

[Event "Winnipeg TNT Febr op"]
[Site "Winnipeg CAN"]
[Date "2004.02.10"]
[Round "2"]
[White "Cleto, Sam"]
[Black "Takacs, Alexander"]
[Result "1-0"]
[WhiteElo "1865"]
[BlackElo "1612"]
[PlyCount "47"]
[GameId "2160767911192088"]
[EventDate "2004.02.03"]
[EventType "swiss"]
[EventRounds "4"]
[EventCountry "CAN"]

1. Nf3 d5 2. d4 Bg4 3. e3 Nf6 4. Be2 Bxf3 5. Bxf3 e6 6. O-O Bd6 7. c4 b6 8. Nc3 c6 9. e4 dxe4 10. Nxe4 Nxe4 11. Bxe4 Bxh2+ 12. Kxh2 Qh4+ 13. Kg1 Qxe4 14. Re1 Qg6 15. Re3 h5 16. d5 cxd5 17. Qxd5 O-O 18. Qxa8 f5 19. Rg3 Qh7 20. Bf4 Nd7 21. Qc6 e5 22. Qe6+ Rf7 23. Bxe5 h4 24. Rxg7+ 1-0

[Event "Winnipeg TNT Febr op"]
[Site "Winnipeg CAN"]
[Date "2004.02.10"]
[Round "2"]
[White "Essery, Richard"]
[Black "Greenberg, Harley"]
[Result "1-0"]
[WhiteElo "1703"]
[BlackElo "1815"]
[PlyCount "60"]
[GameId "2160767911192089"]
[EventDate "2004.02.03"]
[EventType "swiss"]
[EventRounds "4"]
[EventCountry "CAN"]

1. e4 c5 2. d4 cxd4 3. c3 dxc3 4. Nxc3 Nc6 5. Nf3 d6 6. Bc4 e6 7. Bf4 Nf6 8. O-O a6 9. Bb3 Be7 10. Qe2 O-O 11. Rfd1 Qc7 12. Rac1 Nd7 13. Nd5 exd5 14. exd5 Nf6 15. dxc6 bxc6 16. Nd4 c5 17. Ba4 Nd5 18. Nc6 Be6 19. Rxd5 Bxd5 20. Nxe7+ Kh8 21. Nxd5 Qa5 22. Bc2 Rfe8 23. Bd2 Qd8 24. Qh5 h6 25. Bxh6 g6 26. Qh3 Kg8 27. Qg3 Re6 28. Bg5 Qa5 29. Nf6+ Kg7 30. h3 Re1+ 1-0

[Event "Winnipeg TNT Febr op"]
[Site "Winnipeg CAN"]
[Date "2004.02.10"]
[Round "2"]
[White "Kohalmi, Andy"]
[Black "Degroot, Stephen"]
[Result "0-1"]
[WhiteElo "1584"]
[BlackElo "1524"]
[PlyCount "98"]
[GameId "2160767911192090"]
[EventDate "2004.02.03"]
[EventType "swiss"]
[EventRounds "4"]
[EventCountry "CAN"]
[SourceTitle "EXT 2006"]
[Source "ChessBase"]
[SourceDate "2005.11.24"]
[SourceVersion "1"]
[SourceVersionDate "2005.11.24"]
[SourceQuality "1"]

1. d4 d5 2. Nf3 Nf6 3. e3 a6 4. Bd3 e6 5. O-O Be7 6. b3 Nbd7 7. Bb2 O-O 8. Nbd2 b5 9. Rc1 Nb6 10. e4 dxe4 11. Nxe4 Bb7 12. Nfg5 h6 13. Nxf6+ Bxf6 14. Ne4 Bxd4 15. Bxd4 Qxd4 16. Qe2 Qd5 17. f3 Qd4+ 18. Kh1 Nd5 19. c3 Qb6 20. Qf2 Qxf2 21. Rxf2 Rad8 22. Nc5 Bc8 23. g3 c6 24. Rd2 b4 25. cxb4 Nxb4 26. Rcd1 Nxd3 27. Rxd3 Rd5 28. b4 Rfd8 29. Rxd5 cxd5 30. f4 f6 31. h4 e5 32. fxe5 fxe5 33. Kg2 d4 34. Kf3 Kf7 35. Ke4 Kf6 36. Rf1+ Ke7 37. Nd3 Bb7+ 38. Kxe5 Rd5+ 39. Kf4 g5+ 40. hxg5 hxg5+ 41. Kg4 Bc8+ 42. Kh5 Bf5 43. Nc5 Kf6 44. g4 d3 45. gxf5 d2 46. Rd1 Kxf5 47. Nb3 Rd3 48. Rf1+ Ke5 49. Re1+ dxe1=Q 0-1

[Event "Winnipeg TNT Febr op"]
[Site "Winnipeg CAN"]
[Date "2004.02.10"]
[Round "2"]
[White "Pottinger, Carl"]
[Black "Repa, Jason"]
[Result "0-1"]
[WhiteElo "1603"]
[BlackElo "1967"]
[PlyCount "48"]
[GameId "2160767911192091"]
[EventDate "2004.02.03"]
[EventType "swiss"]
[EventRounds "4"]
[EventCountry "CAN"]
[SourceTitle "EXT 2006"]
[Source "ChessBase"]
[SourceDate "2005.11.24"]
[SourceVersion "1"]
[SourceVersionDate "2005.11.24"]
[SourceQuality "1"]

1. c4 f5 2. g3 e6 3. Bg2 Nf6 4. Nc3 c6 5. e3 d5 6. cxd5 exd5 7. d4 Bd6 8. Nge2 O-O 9. O-O Nbd7 10. a4 Qe7 11. b3 Ne4 12. Qc2 Ndf6 13. Ra2 Bd7 14. Nxe4 fxe4 15. Bb2 Rae8 16. Rfa1 Ng4 17. Rf1 Qg5 18. h4 Qh6 19. Bxe4 Rxe4 20. Nf4 g5 21. Ng2 Be7 22. Ba3 gxh4 23. Bxe7 hxg3 24. Bh4 Nxf2 0-1

[Event "Winnipeg TNT Febr op"]
[Site "Winnipeg CAN"]
[Date "2004.02.17"]
[Round "3"]
[White "Anderson, George"]
[Black "Kohalmi, Andy"]
[Result "0-1"]
[WhiteElo "1500"]
[BlackElo "1584"]
[PlyCount "82"]
[GameId "2160767911192092"]
[EventDate "2004.02.03"]
[EventType "swiss"]
[EventRounds "4"]
[EventCountry "CAN"]
[SourceTitle "EXT 2006"]
[Source "ChessBase"]
[SourceDate "2005.11.24"]
[SourceVersion "1"]
[SourceVersionDate "2005.11.24"]
[SourceQuality "1"]

1. e4 c5 2. b4 e6 3. bxc5 Bxc5 4. d4 Bb4+ 5. Bd2 Be7 6. f4 Nc6 7. Nf3 Nf6 8. Bd3 Nb4 9. O-O Nxd3 10. cxd3 b6 11. Nc3 Ba6 12. e5 Ng4 13. Ne1 Nh6 14. a3 Nf5 15. Qa4 Bb7 16. g4 Nxd4 17. Ne4 Bc6 18. Qd1 O-O 19. Bb4 Bxb4 20. axb4 Qe7 21. Nd6 Nb5 22. Nxb5 Bxb5 23. Qb3 Qh4 24. g5 h6 25. gxh6 Qxh6 26. Rf2 Bc6 27. b5 Bd5 28. Qd1 Rfc8 29. Qg4 Rc5 30. Nf3 Rxb5 31. Ng5 a5 32. Rc1 Bc6 33. Rcf1 Rb4 34. Qg3 Qh5 35. h3 a4 36. Ne4 Bxe4 37. dxe4 a3 38. Ra1 Rxe4 39. Rg2 Qh6 40. Rxa3 Rxa3 41. Qxa3 Qxf4 0-1

[Event "Winnipeg TNT Febr op"]
[Site "Winnipeg CAN"]
[Date "2004.02.17"]
[Round "3"]
[White "Cleto, Sam"]
[Black "Essery, Richard"]
[Result "1-0"]
[WhiteElo "1865"]
[BlackElo "1703"]
[PlyCount "81"]
[GameId "2160767911192093"]
[EventDate "2004.02.03"]
[EventType "swiss"]
[EventRounds "4"]
[EventCountry "CAN"]

1. Nf3 Nf6 2. g3 b6 3. Bg2 Bb7 4. c4 e6 5. O-O Be7 6. d3 O-O 7. e4 d6 8. Nc3 Nbd7 9. Re1 c6 10. d4 Qc7 11. Bf4 Nh5 12. Be3 g6 13. Rc1 Ng7 14. Qe2 f5 15. Bh6 fxe4 16. Nxe4 Rfe8 17. Bxg7 Kxg7 18. Neg5 Bxg5 19. Nxg5 e5 20. Qg4 Kg8 21. d5 c5 22. Ne6 Qc8 23. Qg5 Nf8 24. Bh3 Nxe6 25. Qf6 Qd8 26. Bxe6+ Rxe6 27. Qxe6+ Kg7 28. Qg4 b5 29. b3 bxc4 30. bxc4 Bc8 31. Qf3 Qa5 32. a3 h5 33. Qe3 Bd7 34. f4 Re8 35. Qb3 Bh3 36. Re2 e4 37. Rb1 Bg4 38. Qb2+ Kh6 39. Rxe4 Rf8 40. Re7 Rg8 41. Qf6 1-0

[Event "Winnipeg TNT Febr op"]
[Site "Winnipeg CAN"]
[Date "2004.02.17"]
[Round "3"]
[White "Gibbons, Lorne"]
[Black "Reimer, Bruce"]
[Result "0-1"]
[WhiteElo "1360"]
[BlackElo "1334"]
[PlyCount "60"]
[GameId "2160767911192094"]
[EventDate "2004.02.03"]
[EventType "swiss"]
[EventRounds "4"]
[EventCountry "CAN"]

1. d4 d5 2. c4 e6 3. Nc3 Nf6 4. Bf4 c6 5. e3 Bb4 6. Qb3 Qa5 7. Bd3 dxc4 8. Bxc4 Ne4 9. Nge2 O-O 10. f3 Nxc3 11. bxc3 Be7 12. O-O Nd7 13. Ng3 Nb6 14. Ne4 Nd5 15. Bxd5 cxd5 16. Ng3 g5 17. Bxg5 Bxg5 18. f4 Bf6 19. Nh5 Bg7 20. Rf3 Kh8 21. Qc2 f5 22. Nxg7 Kxg7 23. Rh3 Bd7 24. Rf1 Be8 25. g4 Bg6 26. g5 Rac8 27. Rc1 Rf7 28. e4 fxe4 29. Rh4 Rfc7 30. Rh3 b5 0-1

[Event "Winnipeg TNT Febr op"]
[Site "Winnipeg CAN"]
[Date "2004.02.17"]
[Round "3"]
[White "Milord, Frank"]
[Black "Degroot, Stephen"]
[Result "1/2-1/2"]
[WhiteElo "1569"]
[BlackElo "1524"]
[PlyCount "113"]
[GameId "2160767911192095"]
[EventDate "2004.02.03"]
[EventType "swiss"]
[EventRounds "4"]
[EventCountry "CAN"]
[SourceTitle "EXT 2006"]
[Source "ChessBase"]
[SourceDate "2005.11.24"]
[SourceVersion "1"]
[SourceVersionDate "2005.11.24"]
[SourceQuality "1"]

1. d4 g6 2. e4 Bg7 3. Nc3 d6 4. f4 Nd7 5. Nf3 a6 6. a4 c5 7. d5 Qc7 8. a5 Ngf6 9. Be2 O-O 10. O-O Re8 11. Kh1 b6 12. axb6 Nxb6 13. Be3 Bb7 14. Nd2 e6 15. dxe6 fxe6 16. Bf3 Rad8 17. Qe2 d5 18. e5 Nfd7 19. Bg1 Bh6 20. Bg4 Nf8 21. h4 Re7 22. Qf2 d4 23. Nce4 Nd5 24. Qg3 Rf7 25. Ng5 Bxg5 26. fxg5 Rdd7 27. Ne4 Rxf1 28. Rxf1 Rf7 29. Nf6+ Nxf6 30. gxf6 Bc8 31. h5 Qb6 32. hxg6 hxg6 33. b3 Rh7+ 34. Bh3 Kf7 35. Rf4 Nd7 36. Rh4 Rxh4 37. Qxh4 Nxe5 38. Qh7+ Kxf6 39. Qh8+ Ke7 40. Qxe5 Bb7 41. Qg7+ Kd6 42. Bh2+ Kc6 43. Qxg6 Kb5 44. Qxe6 Qxe6 45. Bxe6 Be4 46. Bc4+ Kb4 47. Bg3 Bxc2 48. Be1+ Ka3 49. g4 Bxb3 50. Bxb3 Kxb3 51. g5 c4 52. g6 c3 53. Bxc3 dxc3 54. g7 Kb2 55. g8=Q c2 56. Qg7+ Kc1 57. Qc3 1/2-1/2

[Event "Winnipeg TNT Febr op"]
[Site "Winnipeg CAN"]
[Date "2004.02.17"]
[Round "3"]
[White "Repa, Jason"]
[Black "Babb, Jeff"]
[Result "0-1"]
[WhiteElo "1967"]
[BlackElo "2145"]
[PlyCount "48"]
[GameId "2160767911192096"]
[EventDate "2004.02.03"]
[EventType "swiss"]
[EventRounds "4"]
[EventCountry "CAN"]
[SourceTitle "EXT 2006"]
[Source "ChessBase"]
[SourceDate "2005.11.24"]
[SourceVersion "1"]
[SourceVersionDate "2005.11.24"]
[SourceQuality "1"]

1. f4 g6 2. Nf3 Bg7 3. e3 d6 4. d4 Nf6 5. Bd3 O-O 6. O-O Nc6 7. c3 e5 8. fxe5 dxe5 9. Bb5 e4 10. Bxc6 bxc6 11. Ne5 c5 12. Nd2 cxd4 13. cxd4 c5 14. Qc2 Ba6 15. Rd1 cxd4 16. Nxe4 Nxe4 17. Qxe4 Re8 18. Qc6 Bxe5 19. Qxa6 Qh4 20. g3 Bxg3 21. hxg3 Qxg3+ 22. Kf1 Qf3+ 23. Ke1 dxe3 24. Rd3 Qf2+ 0-1

[Event "Winnipeg TNT Febr op"]
[Site "Winnipeg CAN"]
[Date "2004.02.17"]
[Round "3"]
[White "Silva, T Romero"]
[Black "Pottinger, Carl"]
[Result "1-0"]
[WhiteElo "1603"]
[BlackElo "1603"]
[PlyCount "59"]
[GameId "2160767911192097"]
[EventDate "2004.02.03"]
[EventType "swiss"]
[EventRounds "4"]
[EventCountry "CAN"]
[SourceTitle "EXT 2006"]
[Source "ChessBase"]
[SourceDate "2005.11.24"]
[SourceVersion "1"]
[SourceVersionDate "2005.11.24"]
[SourceQuality "1"]

1. d4 Nf6 2. c4 g6 3. Nc3 Bg7 4. e4 d6 5. Bd3 O-O 6. Nge2 e5 7. d5 a5 8. a4 Na6 9. O-O Nc5 10. Bb1 Bd7 11. f3 Ne8 12. Ra3 f5 13. exf5 gxf5 14. f4 e4 15. Kh1 Nf6 16. Nb5 Kh8 17. Ng3 Be8 18. Nxf5 Rg8 19. Nbd4 Bf8 20. Rh3 Bxa4 21. b3 Bd7 22. Bb2 a4 23. bxa4 Rxa4 24. Qe1 Rxc4 25. Ne6 Nxe6 26. dxe6 Bxe6 27. Bxe4 d5 28. Rxh7+ Kxh7 29. Nd6+ Kg7 30. Qg3+ 1-0

[Event "Winnipeg TNT Febr op"]
[Site "Winnipeg CAN"]
[Date "2004.02.17"]
[Round "3"]
[White "Takacs, Alexander"]
[Black "Rutter, Blair"]
[Result "0-1"]
[WhiteElo "1612"]
[BlackElo "1646"]
[PlyCount "118"]
[GameId "2160767911192098"]
[EventDate "2004.02.03"]
[EventType "swiss"]
[EventRounds "4"]
[EventCountry "CAN"]

1. e4 e6 2. d4 d5 3. e5 c5 4. Bb5+ Bd7 5. Nc3 Bxb5 6. Nxb5 Nc6 7. Nf3 cxd4 8. Nd6+ Bxd6 9. exd6 Qxd6 10. O-O Nf6 11. g3 O-O 12. Re1 Qc5 13. a3 Rac8 14. Qd3 Rfe8 15. b4 Qc4 16. Qxc4 dxc4 17. b5 Ne7 18. Nxd4 h6 19. c3 Nd7 20. f4 Nc5 21. Bd2 Nd5 22. Re2 Nb3 23. Nxb3 cxb3 24. Be1 Nxc3 25. Rb2 Nxb5 26. Rxb3 Nd6 27. Bb4 Nf5 28. Re1 Nd4 29. Rd3 Nc2 30. Rc1 Nxb4 31. Rxc8 Rxc8 32. axb4 Rc7 33. Kg2 Kf8 34. Rd4 Ke7 35. Kf3 f5 36. Rd3 a6 37. h4 h5 38. Re3 Rc4 39. Rb3 g6 40. Ke3 Kd7 41. Kd3 Re4 42. Kc2 Kd6 43. Rd3+ Kc7 44. Rc3+ Kd7 45. Rd3+ Ke7 46. Kb3 e5 47. fxe5 Rxe5 48. Rc3 Kd6 49. Rd3+ Rd5 50. Rc3 Rd4 51. Rf3 b5 52. Kc3 Kd5 53. Rd3 Rxd3+ 54. Kxd3 Ke6 55. Kd4 Kd6 56. Ke3 Ke5 57. Kf3 Kd4 58. Kf4 Kc4 59. Kg5 Kxb4 0-1

[Event "Winnipeg TNT Febr op"]
[Site "Winnipeg CAN"]
[Date "2004.02.24"]
[Round "4"]
[White "Babb, Jeff"]
[Black "Cleto, Sam"]
[Result "1-0"]
[WhiteElo "2145"]
[BlackElo "1865"]
[PlyCount "43"]
[GameId "2160767911192099"]
[EventDate "2004.02.03"]
[EventType "swiss"]
[EventRounds "4"]
[EventCountry "CAN"]
[SourceTitle "EXT 2006"]
[Source "ChessBase"]
[SourceDate "2005.11.24"]
[SourceVersion "1"]
[SourceVersionDate "2005.11.24"]
[SourceQuality "1"]

1. e4 c5 2. Nc3 a6 3. g3 Nc6 4. Bg2 d6 5. d3 g6 6. Be3 Bg7 7. Qd2 e5 8. f4 exf4 9. Bxf4 Nf6 10. Bh6 O-O 11. Nge2 Qb6 12. Bxg7 Kxg7 13. O-O Ne5 14. Rxf6 Qxb2 15. Rff1 c4 16. Rab1 Qa3 17. d4 Ng4 18. h3 Nf6 19. Rxf6 Kxf6 20. Qh6 Be6 21. Rxb7 Rab8 22. e5+ 1-0

[Event "Winnipeg TNT Febr op"]
[Site "Winnipeg CAN"]
[Date "2004.02.24"]
[Round "4"]
[White "De Groot, Steven"]
[Black "Essery, Richard"]
[Result "0-1"]
[WhiteElo "1505"]
[BlackElo "1703"]
[PlyCount "87"]
[GameId "2160767911192100"]
[EventDate "2004.02.03"]
[EventType "swiss"]
[EventRounds "4"]
[EventCountry "CAN"]

1. c4 Nf6 2. Nc3 e6 3. g3 b6 4. Bg2 c6 5. e4 d6 6. d4 Bb7 7. Nge2 Be7 8. O-O O-O 9. Be3 Nbd7 10. Rb1 a5 11. a4 Qc7 12. f4 Rad8 13. d5 cxd5 14. cxd5 e5 15. Nb5 Qc8 16. Rc1 Nc5 17. Nec3 Ba6 18. h3 Qd7 19. Bxc5 bxc5 20. fxe5 dxe5 21. b3 Rc8 22. Qe2 Bd8 23. Kh1 Bb6 24. Rf5 Ne8 25. Qf3 f6 26. Rf1 c4 27. bxc4 Rxc4 28. Rxe5 Bxb5 29. Nxb5 Rxa4 30. d6 Kh8 31. Rd5 Rb4 32. Qe2 g6 33. g4 Ng7 34. e5 Re8 35. Rxf6 Ne6 36. Qf1 Kg7 37. Nc7 Bxc7 38. dxc7 Qxc7 39. Rxa5 Qxa5 40. Rf7+ Kg8 41. Qf6 Rb1+ 42. Kh2 Qe1 43. Bf1 Rb2+ 44. Bg2 0-1

[Event "Winnipeg TNT Febr op"]
[Site "Winnipeg CAN"]
[Date "2004.02.24"]
[Round "4"]
[White "Greenberg, Harley"]
[Black "Gibbons, Lorne"]
[Result "1-0"]
[WhiteElo "1815"]
[BlackElo "1353"]
[PlyCount "34"]
[GameId "2160767911192101"]
[EventDate "2004.02.03"]
[EventType "swiss"]
[EventRounds "4"]
[EventCountry "CAN"]
[SourceTitle "EXT 2006"]
[Source "ChessBase"]
[SourceDate "2005.11.24"]
[SourceVersion "1"]
[SourceVersionDate "2005.11.24"]
[SourceQuality "1"]

1. d4 d5 2. c4 c6 3. Nf3 Bf5 4. Nc3 Nf6 5. g3 e6 6. Bg2 h5 7. O-O b6 8. Re1 Bd6 9. Nh4 Bh7 10. e4 dxe4 11. f3 g5 12. fxe4 Bb4 13. e5 Bxc3 14. bxc3 gxh4 15. exf6 hxg3 16. Bf4 gxh2+ 17. Kh1 Qxf6 1-0

[Event "Winnipeg TNT Febr op"]
[Site "Winnipeg CAN"]
[Date "2004.02.24"]
[Round "4"]
[White "Milord, Frank"]
[Black "Anderson, Collin"]
[Result "0-1"]
[WhiteElo "1569"]
[BlackElo "1779"]
[PlyCount "38"]
[GameId "2160767911192102"]
[EventDate "2004.02.03"]
[EventType "swiss"]
[EventRounds "4"]
[EventCountry "CAN"]
[SourceTitle "EXT 2006"]
[Source "ChessBase"]
[SourceDate "2005.11.24"]
[SourceVersion "1"]
[SourceVersionDate "2005.11.24"]
[SourceQuality "1"]

1. e4 c5 2. Nf3 d6 3. d4 cxd4 4. Nxd4 Nf6 5. Nc3 g6 6. Be3 Bg7 7. f3 O-O 8. Qd2 Nc6 9. Bc4 Bd7 10. O-O-O Ne5 11. Bb3 Qa5 12. Kb1 Rfc8 13. h4 b5 14. g4 Nc4 15. Bxc4 bxc4 16. h5 Rab8 17. hxg6 fxg6 18. Nd5 c3 19. Nxf6+ Bxf6 0-1

[Event "Winnipeg TNT Febr op"]
[Site "Winnipeg CAN"]
[Date "2004.02.24"]
[Round "4"]
[White "Mor, Shai"]
[Black "Takacs, Alexander"]
[Result "0-1"]
[WhiteElo "1350"]
[BlackElo "1612"]
[PlyCount "75"]
[GameId "2160767911192103"]
[EventDate "2004.02.03"]
[EventType "swiss"]
[EventRounds "4"]
[EventCountry "CAN"]

1. d4 d5 2. Nf3 Nc6 3. c3 e6 4. g3 Nf6 5. Nbd2 Bd6 6. Bg2 O-O 7. O-O h6 8. c4 b6 9. Qa4 Bd7 10. Qc2 Re8 11. c5 Bf8 12. h4 bxc5 13. dxc5 e5 14. a3 e4 15. Nh2 Nd4 16. Qd1 Bxc5 17. b4 Bb6 18. Nb3 Ba4 19. Rb1 Nxb3 20. Bf4 a5 21. Rxb3 axb4 22. axb4 d4 23. Qc1 Bxb3 24. Bxh6 Kh7 25. Bxg7 Kxg7 26. Qg5+ Kf8 27. Rc1 Nh7 28. Qh6+ Kg8 29. Ng4 Re6 30. Qf4 Bd5 31. Nh6+ Rxh6 32. Qxh6 e3 33. Bh3 exf2+ 34. Kh2 Qf6 35. Qxf6 Nxf6 36. Rf1 Ne4 37. Bf5 d3 38. exd3 0-1

[Event "Winnipeg TNT Febr op"]
[Site "Winnipeg CAN"]
[Date "2004.02.24"]
[Round "4"]
[White "Nair, Krishnan"]
[Black "Anderson, George"]
[Result "0-1"]
[WhiteElo "1240"]
[BlackElo "1500"]
[PlyCount "67"]
[GameId "2160767911192104"]
[EventDate "2004.02.03"]
[EventType "swiss"]
[EventRounds "4"]
[EventCountry "CAN"]
[SourceTitle "EXT 2006"]
[Source "ChessBase"]
[SourceDate "2005.11.24"]
[SourceVersion "1"]
[SourceVersionDate "2005.11.24"]
[SourceQuality "1"]

1. e4 e6 2. e5 Ne7 3. Nf3 b6 4. Bc4 Bb7 5. c3 h6 6. d4 d5 7. Bd3 c5 8. dxc5 bxc5 9. b3 Nd7 10. O-O Nc6 11. Bb2 Ncxe5 12. Nxe5 Nxe5 13. Bb5+ Bc6 14. Bxc6+ Nxc6 15. a3 Bd6 16. b4 c4 17. b5 Ne5 18. Qd4 Qb6 19. Qxb6 axb6 20. a4 O-O 21. Ba3 Bxa3 22. Rxa3 Nd3 23. Nd2 Ra5 24. Nf3 Rfa8 25. Rfa1 Nc5 26. Nd4 Rxa4 27. Rxa4 Rxa4 28. Rxa4 Nxa4 29. Ne2 Kf8 30. Kf1 Ke7 31. Ke1 Kd6 32. Kd2 Kc5 33. Nd4 e5 34. Nc6 0-1

[Event "Winnipeg TNT Febr op"]
[Site "Winnipeg CAN"]
[Date "2004.02.24"]
[Round "4"]
[White "Pottinger, Carl"]
[Black "Kohalmi, Andy"]
[Result "1/2-1/2"]
[WhiteElo "1603"]
[BlackElo "1584"]
[PlyCount "66"]
[GameId "2160767911192105"]
[EventDate "2004.02.03"]
[EventType "swiss"]
[EventRounds "4"]
[EventCountry "CAN"]
[SourceTitle "EXT 2006"]
[Source "ChessBase"]
[SourceDate "2005.11.24"]
[SourceVersion "1"]
[SourceVersionDate "2005.11.24"]
[SourceQuality "1"]

1. c4 Nf6 2. g3 e5 3. Bg2 Nc6 4. Nc3 Bc5 5. Na4 Be7 6. e3 d6 7. Ne2 Bg4 8. O-O O-O 9. Nac3 Rb8 10. d4 exd4 11. exd4 Re8 12. Re1 Qd7 13. Be3 b6 14. Qa4 Na5 15. Qxd7 Bxd7 16. b3 h6 17. Nf4 c6 18. d5 Ng4 19. dxc6 Bxc6 20. Nfd5 Nxe3 21. Rxe3 Bg5 22. Re2 Bxd5 23. Bxd5 Rxe2 24. Nxe2 Re8 25. Kf1 Re7 26. f4 Bf6 27. Re1 Nb7 28. Ng1 Nc5 29. Rxe7 Bxe7 30. Ke2 h5 31. Kd2 Bf6 32. Nf3 Kf8 33. Kc2 Ke7 1/2-1/2

[Event "Winnipeg TNT Febr op"]
[Site "Winnipeg CAN"]
[Date "2004.02.24"]
[Round "4"]
[White "Repa, Jason"]
[Black "Reimer, Bruce"]
[Result "1-0"]
[WhiteElo "1967"]
[BlackElo "1334"]
[PlyCount "51"]
[GameId "2160767911192106"]
[EventDate "2004.02.03"]
[EventType "swiss"]
[EventRounds "4"]
[EventCountry "CAN"]

1. e4 d6 2. d4 Nf6 3. Bd3 g6 4. Nf3 Bg7 5. O-O O-O 6. h3 Nc6 7. c3 e5 8. d5 Ne7 9. Be3 Bd7 10. Qd2 c6 11. c4 cxd5 12. cxd5 b6 13. Nc3 Ne8 14. Bh6 f5 15. Bxg7 Kxg7 16. Bb5 fxe4 17. Ng5 Kh8 18. Ngxe4 Bf5 19. f4 exf4 20. Rxf4 Ng8 21. g4 Bxg4 22. Rxf8 Bd7 23. Bxd7 Qxd7 24. Qd4+ Qg7 25. Qxg7+ Kxg7 26. Raf1 1-0

[Event "Winnipeg TNT Febr op"]
[Site "Winnipeg CAN"]
[Date "2004.02.24"]
[Round "4"]
[White "Rutter, Blair"]
[Black "Silva, T Romero"]
[Result "0-1"]
[WhiteElo "1657"]
[BlackElo "1603"]
[PlyCount "120"]
[GameId "2160767911192107"]
[EventDate "2004.02.03"]
[EventType "swiss"]
[EventRounds "4"]
[EventCountry "CAN"]
[SourceTitle "EXT 2006"]
[Source "ChessBase"]
[SourceDate "2005.11.24"]
[SourceVersion "1"]
[SourceVersionDate "2005.11.24"]
[SourceQuality "1"]

1. c4 b6 2. d4 d5 3. Nc3 e6 4. Nf3 Nf6 5. a3 Be7 6. Qc2 c6 7. e4 dxe4 8. Nxe4 Nbd7 9. Bf4 Nf8 10. Rd1 Ng6 11. Nxf6+ Bxf6 12. Bg3 O-O 13. Be2 Bb7 14. c5 bxc5 15. dxc5 Qa5+ 16. Rd2 Rad8 17. O-O Rxd2 18. Nxd2 Ba6 19. Bxa6 Qxa6 20. Ne4 Be5 21. Nd6 Bd4 22. Re1 Qa5 23. Rd1 Qxc5 24. Qd2 Bf6 25. b4 Qb6 26. Nc4 Qb5 27. Qc2 h5 28. h3 h4 29. Bh2 e5 30. Nd6 Qb6 31. Ne4 Be7 32. g3 a5 33. Nc5 Qb5 34. Rb1 axb4 35. axb4 Rd8 36. gxh4 Nxh4 37. Qe4 Rd4 38. Qc2 Rd2 39. Qc3 Bxc5 40. Qxc5 Qxc5 41. bxc5 Rc2 42. Bg3 Ng6 43. f3 Rxc5 44. Bf2 Rc2 45. Kg2 Nf4+ 46. Kg3 Nxh3 47. Be3 Nf4 48. Kg4 g6 49. Kg5 Kg7 50. Bxf4 f6+ 51. Kg4 Rc4 52. Rc1 Rxf4+ 53. Kg3 Kh6 54. Rxc6 Kg5 55. Rc8 Ra4 56. Rc5 Kf5 57. Rc8 Ra3 58. Kf2 Rd3 59. Ke2 Rd4 60. Ke3 Ra4 0-1

[Event "Winnipeg TNT Jan op"]
[Site "Winnipeg CAN"]
[Date "2004.01.06"]
[Round "1"]
[White "Anderson, George"]
[Black "Babb, Jeff"]
[Result "0-1"]
[WhiteElo "1469"]
[BlackElo "2131"]
[PlyCount "32"]
[GameId "2160767911208986"]
[EventDate "2004.01.06"]
[EventType "swiss"]
[EventRounds "4"]
[EventCountry "CAN"]
[SourceTitle "EXT 2005"]
[Source "ChessBase"]
[SourceDate "2004.11.15"]
[SourceVersion "1"]
[SourceVersionDate "2004.11.15"]
[SourceQuality "1"]

1. b4 c6 2. Bb2 Qb6 3. c3 a5 4. Qb3 axb4 5. cxb4 Na6 6. e3 Qxb4 7. Bxa6 Qxb3 8. axb3 bxa6 9. Nf3 Rb8 10. O-O Rxb3 11. Ra2 Nf6 12. Nc3 e6 13. e4 Be7 14. Rb1 O-O 15. Ra5 Bb4 16. Rg5 Bxc3 0-1